| 000 | 01202nam0a2200325 4500 | ||
|---|---|---|---|
| 001 | RU\NLR\BIBL_A\012541800 | ||
| 005 | 20210702134410.0 | ||
| 010 |
_a978-5-17-132734-7 _92000 |
||
| 021 |
_aRU _bКН-П-21-004737 _9КН-П-21-0365 |
||
| 035 | _a(NLR Aleph) 012541800 | ||
| 035 | _a(RuMoRGB)010561592 | ||
| 090 |
_a12402674 _c12402674 |
||
| 100 | _a20210609d2021 m y0rusy50 ca | ||
| 101 | 1 |
_arus _ceng |
|
| 102 | _aRU | ||
| 105 | _ay z 000ay | ||
| 181 | 0 |
_ai _baxxe |
|
| 182 | 0 | _an | |
| 200 | 1 |
_aБлиже, чем ты думаешь _eроман _fБрэд Паркс _gперевод с английского Константина Сорокина |
|
| 203 |
_aТекст _bвизуальный _cнепосредственный |
||
| 210 |
_aМосква _cАСТ _cЖанровая литература _d2021 |
||
| 215 |
_a478, [1] с. _d21 |
||
| 225 | 1 | _aНовый мировой триллер | |
| 333 | _a18+ | ||
| 686 | 1 | _aШ6(7США)67-446{Лх1979-60} | |
| 700 | 1 |
_7ca _8rus _aПаркс _bБ. _f1974- _gБрэд _9213040 _3RU\NLR\AUTH\770213096 |
|
| 942 | _cBOOK | ||
| 980 | _aNB | ||